000 00662nam a2200277Ia 4500
005 20260324112946.0
008 008 260324s9999 xx 000 0 eng d
020 _a9781003351702
037 _aEBOOK
040 _aCRL
040 _beng
040 _cCRL
041 _2eng
041 _aeng
084 _qCRL
100 _aNatali Hritonenko; Yuri Yatsenko
_91144841
245 4 _aThe World through the Lens of Mathematics
260 _bTaylor and Francis
260 _c2024
365 _a
365 _b135
856 _uhttp://www.taylorfrancis.com/books/9781003351702
942 _cEBOOK
999 _c1734244
_d1734244